00813cam a2200253 a 450000100070000000500170000700800410002401000170006502000220008202000150010404000180011904100080013708000140014508200180015910000060017710100080018324501260019150400300031774000250034790600450037294200120041799900170042995201130044646017920171221033022.0830114s1983 caua b 001 0 eng  a 83000388  a0871563401 (pbk.) a087156341X aDLCcDLCdDLC aeng a599.5 LEA00a599.5 LEA2191 a7 aZOO14aThe Sierra Club handbook of whales and dolphins /cStephen Leatherwood and Randall R. Reeves ; paintings by Larry Foster. aBibliography: p. 296-299.0 aWhales and dolphins. a7bcbccorignewd1eocipf19gy-gencatlg 2ddccBK c39252d39252 00102udc40708PËKGa002b002cPËKGd2017-12-21l0o599.5 LEAp002-2939579r2017-12-21w2017-12-21yBK